Statistics for Walt Disney World Magic Kingdom Attractions

Click here to take the quiz!

General Stats

  • This quiz has been taken 636 times
  • The average score is 22 of 38

Answer Stats

HintAnswer% Correct
TomorrowlandSpace Mountain
91%
FrontierlandSplash Mountain
90%
AdventurelandA Pirate's Adventure - Treasures of the Seven Seas
85%
AdventurelandPirates of the Caribbean
85%
FrontierlandBig Thunder Mountain Railroad
84%
Liberty SquareHaunted Mansion
82%
FantasylandIt's a Small World
81%
AdventurelandJungle Cruise
80%
TomorrowlandBuzz Lightyear's Space Ranger Spin
78%
FantasylandDumbo the Flying Elephant
78%
FantasylandPeter Pan's Flight
78%
TomorrowlandTomorrowland Transit Authority PeopleMover
76%
AdventurelandThe Magic Carpets of Aladdin
74%
FantasylandThe Many Adventures of Winnie the Pooh
70%
TomorrowlandWalt Disney's Carousel of Progress
68%
Liberty SquareThe Hall of Presidents
66%
TomorrowlandAstro Orbiter
64%
AdventurelandEnchanted Tiki Room
64%
TomorrowlandTomorrowland Speedway
63%
TomorrowlandMonsters, Inc Laugh Floor
62%
FantasylandUnder the Sea Journey of the Little Mermaid
59%
FrontierlandCountry Bear Jamboree
55%
FantasylandSeven Dwarfs Mine Train
55%
FrontierlandTom Sawyer Island
52%
AdventurelandSwiss Family Treehouse
51%
TomorrowlandStitch's Great Escape
50%
FantasylandMickey's Philharmagic
49%
FantasylandThe Barnstormer
48%
FantasylandMad Tea Party
45%
Main Street USAWalt Disney World Railroad
45%
Liberty SquareLiberty Square Riverboat
44%
FantasylandEnchanted Tales with Belle
35%
FantasylandPrince Charming Regal Carrousel
23%
FantasylandCinderella Castle
21%
FrontierlandFrontierland Shootin' Arcade
19%
TomorrowlandTomorrowland Arcade
19%
Main Street USAMain Street Vehicles
15%
FantasylandCasey Jr Splash n Soak Station
11%

Score Distribution

Percentile by Number Answered

Percent of People with Each Score

Your Score History

You have not taken this quiz